000 00646nam a2200265Ia 4500
005 20260121171410.0
008 008 260114s9999 xx 000 0 eng d
020 _a9783319966137
037 _aEBOOK
040 _aCRL
040 _beng
040 _cCRL
041 _2eng
041 _aeng
084 _qCRL
100 _aMohsin Ali, Najeeb Zada
_91075747
245 4 _aThe Islamic Finance Trading Framework
260 _bSpringer
260 _bSpringer
260 _c2019
856 _uhttps://link.springer.com/openurl?genre=book&isbn=978-3-319-96613-7
942 _cEBOOK
999 _c1641477
_d1641477